Evropská strategie zaměstnanosti

Sociálne akčné programy Európskej únie na zvyšovanie zamestnanosti v jej členských krajinách. Napĺňanie Európskej stratégie zamestnanosti (ESZ). História ESZ: dokument Biela kniha rastu, konkurencieschopnosti a zamestnanosti. Súčasnosť ESZ: národné akčné plány jednotlivých štátov na zvyšovanie zames...

Descrizione completa

Salvato in:
Dettagli Bibliografici
Autore principale: Hebáková, Lenka
Natura: Capitolo di libro
Lingua:ceco
Soggetti:
Tags: Aggiungi Tag
Nessun Tag, puoi essere il primo ad aggiungerne!!

MARC

LEADER 00000naa$a2200000$$$4500
001 0045791
005 20231016092507.1
041 0 |a cze 
044 |a CZ 
245 1 0 |a Evropská strategie zaměstnanosti  |c Lenka Hebáková 
520 |a Sociálne akčné programy Európskej únie na zvyšovanie zamestnanosti v jej členských krajinách. Napĺňanie Európskej stratégie zamestnanosti (ESZ). História ESZ: dokument Biela kniha rastu, konkurencieschopnosti a zamestnanosti. Súčasnosť ESZ: národné akčné plány jednotlivých štátov na zvyšovanie zamestnanosti, podnikanie a vytváranie pracovných príležitostí, adaptabilitu a rovné príležitosti. Ako riešiť tieto priority. Budúcnosť ESZ: prevencia nezamestnanosti, zvyšovanie adabtability pracovníkov a podnikov, zlepšenie sociálneho začleňovania a presadzovanie partnerstva v reformách. 
610 2 0 |a zamestnanosť 
610 2 0 |a nezamestnanosť 
610 2 0 |a adaptabilita 
610 2 0 |a podnikanie 
610 2 0 |a muži 
610 2 0 |a ženy 
610 2 0 |a ponuka práce 
610 2 0 |a príležitosť pracovná 
610 2 0 |a spolupráca medzinárodná 
610 2 0 |a Európska únia 
100 1 |a Hebáková, Lenka